000 00762nam a22002297a 4500
003 OSt
005 20250714064022.0
008 250714b |||||||| |||| 00| 0 eng d
020 _a 9780201524857
040 _aDWCL - Main lib
_cOC
082 _aCirc. 658.1599 E34m 1998
100 _aEiteman,. David K.
245 _aMultinational business finance/
_cDavid K. Eiteman
250 _aEighth edition.
260 _aPlace of Publication not identified :
_bAddison-Wesley Publishing Company,
_cc1998.
300 _axxvi, 854 pages ;
_c24 cm.
504 _aIncludes index.
650 _a1. International business enterprises--Finance.
700 _aArthur I. Stonehill
700 _aMichael H. Moffet
942 _2ddc
_cBK-CIRC
_eEighth edition.
_kCirc .
_n0
999 _c3653
_d3653